[Event "Stuttgarter Stadtmeisterschaft C"]
[Site "Ditzingen"]
[Date "2015.05.15"]
[Round "4.1"]
[White "Dietrich, Malte"]
[Black "Afonso, Nils"]
[Result "1-0"]
[WhiteElo "1165"]
[BlackElo "1437"]
[PlyCount "71"]
[EventDate "2015.??.??"]
[WhiteTeam "Rochade Metzingen"]
[BlackTeam "SF Kornwestheim"]

1. d4 f5 2. c4 Nf6 3. Bg5 h6 4. Bxf6 exf6 5. e3 Bb4+ 6. Nc3 Bxc3+ 7. bxc3 Nc6
8. Qh5+ Kf8 9. Qxf5 d6 10. Qc2 d5 11. Rb1 Ne7 12. Be2 dxc4 13. Bxc4 Bf5 14. Bd3
Bxd3 15. Qxd3 Qd5 16. Nf3 b6 17. Rb2 Qe6 18. c4 c6 19. O-O Kf7 20. Re1 Rhf8 21.
e4 Ng6 22. g3 Qg4 23. Kh1 Rad8 24. e5 Kg8 25. e6 Ne7 26. Re4 Qh5 27. Rh4 Qe8
28. Re2 f5 29. Ne5 Rf6 30. Nd7 Rg6 31. d5 cxd5 32. cxd5 Rg5 33. Rxh6 Ng6 34. f4
Nxf4 35. gxf4 Rg4 36. Qxf5 1-0

[Event "Stuttgarter Stadtmeisterschaft C"]
[Site "Ditzingen"]
[Date "2015.05.15"]
[Round "4.2"]
[White "Jelisavac, Nenad"]
[Black "Barna, Janos"]
[Result "1/2-1/2"]
[WhiteElo "1336"]
[BlackElo "1280"]
[PlyCount "108"]
[EventDate "2015.??.??"]
[WhiteTeam "Matt Inn"]
[BlackTeam "SC Leinfelden"]

1. d4 e6 2. e4 d6 3. c4 Nd7 4. Nc3 a6 5. a4 c6 6. Be3 Be7 7. Bd3 h6 8. Qd2 Ndf6
9. f3 Nh7 10. f4 g5 11. f5 Nf8 12. Nge2 exf5 13. exf5 Bf6 14. Ng3 Nh7 15. O-O-O
Be7 16. Nce4 Nhf6 17. h3 Nxe4 18. Nxe4 d5 19. Nc3 Nf6 20. Be2 Bb4 21. Qd3 O-O
22. c5 Qa5 23. Kd2 Re8 24. Qc2 Bd7 25. h4 Ne4+ 26. Kd3 Nxc3 27. bxc3 Bxc3 28.
Qxc3 Qxc3+ 29. Kxc3 Rxe3+ 30. Bd3 f6 31. Kd2 Rg3 32. hxg5 hxg5 33. Rh2 Rg4 34.
Rdh1 Rh4 35. Rxh4 gxh4 36. Rxh4 Rb8 37. a5 Kg7 38. Rg4+ Kf7 39. Rg3 Rh8 40. Rh3
Rg8 41. g3 Kg7 42. g4 Re8 43. Re3 Kh6 44. Rxe8 Bxe8 45. Ke3 Kg5 46. Kf3 Bf7 47.
Kg3 Be8 48. Kf3 Bf7 49. Be2 Be8 50. Ke3 Bd7 51. Bf3 Be8 52. Be2 Bf7 53. Kf3 Be8
54. Bd3 Bf7 1/2-1/2

[Event "Stuttgarter Stadtmeisterschaft C"]
[Site "Ditzingen"]
[Date "2015.05.15"]
[Round "4.3"]
[White "Pranjic, Daniel"]
[Black "Kermer, Jan"]
[Result "1/2-1/2"]
[WhiteElo "1273"]
[BlackElo "1321"]
[PlyCount "104"]
[EventDate "2015.??.??"]
[WhiteTeam "SG Ludwigsburg"]
[BlackTeam "SV Dettingen Erms"]

1. e4 c6 2. d4 d5 3. Nc3 dxe4 4. Nxe4 Bf5 5. Ng3 Bg6 6. Nf3 h6 7. Bd3 Bxd3 8.
Qxd3 Nf6 9. O-O e6 10. c4 Bd6 11. Ne4 Nxe4 12. Qxe4 O-O 13. Re1 Nd7 14. Bd2 Nf6
15. Qd3 c5 16. Bc3 cxd4 17. Qxd4 Be7 18. Rad1 Qxd4 19. Nxd4 Rfd8 20. Nf3 Rac8
21. Bxf6 Bxf6 22. b3 Bc3 23. Rxd8+ Rxd8 24. Rc1 e5 25. Kf1 Rd3 26. Ne1 Bxe1 27.
Kxe1 f5 28. c5 Kf7 29. c6 bxc6 30. Rxc6 Ke7 31. Ke2 Rd6 32. Rc7+ Rd7 33. Rxd7+
Kxd7 34. Kd3 Kc6 35. Kc4 a5 36. a4 f4 37. b4 axb4 38. Kxb4 e4 39. Kc4 e3 40.
fxe3 fxe3 41. Kd3 Kc5 42. Kxe3 Kb4 43. Kf4 g6 44. h4 Kxa4 45. g4 Kb5 46. h5
gxh5 47. gxh5 Kc6 48. Ke5 Kd7 49. Kf6 Ke8 50. Kg7 Ke7 51. Kh7 Kf7 52. Kxh6 Kf8
1/2-1/2

[Event "Stuttgarter Stadtmeisterschaft C"]
[Site "Ditzingen"]
[Date "2015.05.15"]
[Round "4.4"]
[White "Jüttner, Dennis"]
[Black "Meißner, Mogens"]
[Result "1-0"]
[WhiteElo "1256"]
[BlackElo "1313"]
[PlyCount "73"]
[EventDate "2015.??.??"]
[WhiteTeam "SpVgg Rommelshausen"]
[BlackTeam "SK Bietigheim-Bissingen"]

1. e4 e5 2. Nf3 Nc6 3. Nc3 Nf6 4. Bc4 Bb4 5. a3 Ba5 6. b4 Bb6 7. Bb2 d6 8. Nd5
Nxd5 9. Bxd5 Ne7 10. Bb3 Bg4 11. h3 Bh5 12. g4 Bg6 13. Qe2 Qd7 14. d4 f6 15. g5
O-O-O 16. a4 a6 17. Bc4 Bh5 18. a5 Bxd4 19. Bxd4 exd4 20. b5 d5 21. Bd3 dxe4
22. Bxe4 Rhe8 23. bxa6 Qd6 24. axb7+ Kd7 25. Rd1 Nc6 26. Bf5+ Re6 27. O-O Rde8
28. Bxe6+ Rxe6 29. b8=N+ Nxb8 30. Qb5+ Qc6 31. Rxd4+ Ke7 32. gxf6+ Rxf6 33.
Re1+ Re6 34. Qg5+ Kf8 35. Qf5+ Bf7 36. Rd8+ Ke7 37. Qg5# 1-0

[Event "Stuttgarter Stadtmeisterschaft C"]
[Site "Ditzingen"]
[Date "2015.05.15"]
[Round "4.5"]
[White "Reuß, Tobias"]
[Black "Hrsak, Marco"]
[Result "1-0"]
[WhiteElo "1468"]
[BlackElo "1256"]
[PlyCount "81"]
[EventDate "2015.??.??"]
[WhiteTeam "SV Besigheim"]
[BlackTeam "SC Kirchheim/Teck"]

1. d4 d5 2. e3 c5 3. Nf3 Nc6 4. dxc5 e5 5. c3 Bxc5 6. Bb5 Qd6 7. b4 Bxb4 8.
Bxc6+ bxc6 9. cxb4 Qxb4+ 10. Bd2 Qb2 11. Bc3 Qb7 12. Nxe5 f6 13. Qh5+ Kf8 14.
Ng6+ hxg6 15. Qxh8 Bf5 16. O-O Kf7 17. Qh4 Ne7 18. Qb4 Qd7 19. Nd2 Re8 20. Bd4
Nc8 21. Rac1 Rh8 22. Qc5 Bh3 23. Qxc6 Qg4 24. Qc7+ Ne7 25. Qg3 Qxg3 26. fxg3
Bf5 27. Bxa7 Bd3 28. Rf4 Nf5 29. Rb4 Ke6 30. Rb7 Ke5 31. Rc6 Rd8 32. g4 d4 33.
gxf5 dxe3 34. Re7+ Kd5 35. Rc5+ Kd6 36. Rxe3 Bxf5 37. Rxf5 gxf5 38. Rd3+ Kc7
39. Rxd8 Kxd8 40. a4 Kc7 41. a5 1-0

[Event "Stuttgarter Stadtmeisterschaft C"]
[Site "Ditzingen"]
[Date "2015.05.15"]
[Round "4.6"]
[White "Winterkorn, Nikolaus"]
[Black "Hilger, Herbert"]
[Result "1-0"]
[WhiteElo "1414"]
[BlackElo "1230"]
[PlyCount "120"]
[EventDate "2015.??.??"]
[WhiteTeam "DJK Sportbund Stgt."]
[BlackTeam "SV Stuttgart-Wolfbusch"]

1. Nf3 d5 2. d4 Nf6 3. e3 e6 4. Nbd2 c5 5. c3 Nc6 6. Bb5 a6 7. Bxc6+ bxc6 8.
O-O a5 9. b3 Ba6 10. Re1 Bd6 11. Ba3 cxd4 12. Bxd6 Qxd6 13. cxd4 O-O 14. Rc1
Rfc8 15. Rc5 Bb7 16. Ne5 Nd7 17. Nxd7 Qxd7 18. Nf3 f6 19. Qd2 Qd8 20. h4 h5 21.
g3 Qb6 22. Qc3 Qb4 23. Rc1 Qxc3 24. R1xc3 Kf7 25. Kg2 Ra6 26. Rc1 Rca8 27. Re1
Re8 28. Nd2 e5 29. Nf3 e4 30. Nd2 Bc8 31. Rec1 Bd7 32. R1c3 Rc8 33. f3 exf3+
34. Kxf3 Bg4+ 35. Kf2 Ke7 36. Rc1 Kd6 37. Nb1 Bf5 38. Nc3 Rb8 39. Ke2 g5 40.
Rf1 Ke6 41. Kd2 Bg6 42. Kc1 Bd3 43. Rf2 Kf7 44. Kd2 Bg6 45. hxg5 f5 46. e4 dxe4
47. Nxe4 Ke6 48. Nc3 Kd6 49. Re2 Rb4 50. Ke3 Rb7 51. Rd2 Re7+ 52. Kf2 Rh7 53.
Re2 Re7 54. Rxe7 Kxe7 55. Ne2 Kf7 56. Kf3 Ke6 57. Nf4+ Kf7 58. Nxg6 Kxg6 59.
Kf4 a4 60. b4 Rb6 1-0

[Event "Stuttgarter Stadtmeisterschaft C"]
[Site "Ditzingen"]
[Date "2015.05.15"]
[Round "4.7"]
[White "Postler, Jonathan"]
[Black "Thomas, Leonhard"]
[Result "0-1"]
[WhiteElo "1252"]
[BlackElo "1404"]
[PlyCount "92"]
[EventDate "2015.??.??"]
[WhiteTeam "TSV/RSK Esslingen"]
[BlackTeam "SV Fellbach"]

1. d4 d5 2. c4 Nf6 3. Nf3 Bf5 4. Nc3 dxc4 5. Bg5 Nd5 6. Nxd5 Qxd5 7. e3 e6 8.
Rc1 Qa5+ 9. Qd2 Bb4 10. Rc3 Bxc3 11. Qxc3 Qxc3+ 12. bxc3 b5 13. g3 Nd7 14. Bg2
Be4 15. O-O c6 16. g4 O-O 17. Ne5 Bxg2 18. Kxg2 Nxe5 19. dxe5 Rfe8 20. f4 a5
21. f5 exf5 22. Rxf5 g6 23. Rf2 Rxe5 24. Bf4 Re6 25. Rb2 Rd8 26. Kf3 Rd3 27. h4
Rxc3 28. Bh6 b4 29. a3 Rxa3 30. Rd2 Rd3 31. Rc2 c3 32. Ke2 Red6 33. e4 Rd2+ 34.
Bxd2 Rxd2+ 35. Rxd2 cxd2 36. Kxd2 c5 37. Kd3 a4 38. Kc4 a3 39. Kb3 c4+ 40. Ka2
Kg7 41. Kb1 b3 42. h5 c3 43. h6+ Kxh6 44. g5+ Kxg5 45. e5 a2+ 46. Ka1 c2 0-1

[Event "Stuttgarter Stadtmeisterschaft C"]
[Site "Ditzingen"]
[Date "2015.05.15"]
[Round "4.8"]
[White "Kobald, Jacqueline"]
[Black "Stecher, Oliver"]
[Result "1-0"]
[WhiteElo "1372"]
[BlackElo "1153"]
[PlyCount "47"]
[EventDate "2015.??.??"]
[WhiteTeam "SV Stuttgart-Wolfbusch"]
[BlackTeam "SSV Zuffenhausen"]

1. e4 e5 2. Nf3 Nc6 3. Bb5 d6 4. O-O Nf6 5. Re1 a6 6. Ba4 b5 7. Bb3 Be7 8. c3
O-O 9. h3 Be6 10. Bc2 d5 11. exd5 Nxd5 12. d4 Bd6 13. dxe5 Be7 14. Qd3 g6 15.
Bh6 Re8 16. Nbd2 Bf5 17. Ne4 Bc5 18. Qd2 Be7 19. Rad1 Be6 20. Neg5 Bxg5 21.
Bxg5 Qd7 22. Bb3 Nce7 23. Bxe7 Rxe7 24. Bxd5 1-0

[Event "Stuttgarter Stadtmeisterschaft C"]
[Site "Ditzingen"]
[Date "2015.05.15"]
[Round "4.10"]
[White "Reichardt, Felix  Alexander"]
[Black "Richter, Gerrit"]
[Result "0-1"]
[WhiteElo "1482"]
[BlackElo "1104"]
[PlyCount "108"]
[EventDate "2015.??.??"]
[WhiteTeam "SF MarkgrÃ¤flerland"]
[BlackTeam "TSV/RSK Esslingen"]

1. Nf3 d5 2. c4 Nf6 3. e3 Bg4 4. Be2 Nbd7 5. Nc3 Nb6 6. d4 Nxc4 7. Bxc4 dxc4 8.
h3 Bh5 9. Qa4+ c6 10. Ne5 e6 11. O-O Bd6 12. Nxc6 bxc6 13. Qxc6+ Ke7 14. Qb7+
Qd7 15. Qa6 Rhc8 16. Nb5 Qc6 17. Qxc6 Rxc6 18. Bd2 Rb6 19. Nxd6 Kxd6 20. b3
cxb3 21. axb3 Rxb3 22. Ra6+ Rb6 23. Rxb6+ axb6 24. Bb4+ Kd5 25. Re1 b5 26. Rc1
Ne4 27. f3 e5 28. fxe4+ Kxe4 29. dxe5 Kxe3 30. Rc3+ Kd4 31. Kf2 Ra4 32. Rb3 Kc4
33. Rb2 Rxb4 34. Rxb4+ Kxb4 35. Ke1 Ka3 36. Kd2 b4 37. Kc1 Ka2 38. e6 fxe6 39.
g4 b3 40. gxh5 b2+ 41. Kd2 b1=Q 42. Ke3 Qf5 43. Kd4 Qd5+ 44. Ke3 Qc4 45. h6
gxh6 46. h4 e5 47. h5 Qd4+ 48. Kf3 Qf4+ 49. Ke2 Kb2 50. Ke1 Qh2 51. Kf1 Kc3 52.
Ke1 Kd3 53. Kf1 Ke3 54. Ke1 Qe2# 0-1

[Event "Stuttgarter Stadtmeisterschaft C"]
[Site "Ditzingen"]
[Date "2015.05.15"]
[Round "4.12"]
[White "Petersen, Bjarne"]
[Black "Fechner, Andreas"]
[Result "1-0"]
[WhiteElo "1310"]
[BlackElo "977"]
[PlyCount "43"]
[EventDate "2015.??.??"]
[WhiteTeam "TSV/RSK Esslingen"]
[BlackTeam "SC Magstadt"]

1. d4 d5 2. c4 dxc4 3. Nc3 Nf6 4. Nf3 Bg4 5. Bf4 e6 6. a3 Nc6 7. e3 Bd6 8. Bg5
O-O 9. Bxc4 Re8 10. Nb5 a6 11. Nxd6 cxd6 12. O-O b5 13. Be2 e5 14. dxe5 Nxe5
15. Nxe5 Rxe5 16. Bxf6 Qxf6 17. Bxg4 Rg5 18. Qf3 Re8 19. Qxf6 gxf6 20. Bf3 Ree5
21. Bb7 a5 22. f4 1-0

[Event "Stuttgarter Stadtmeisterschaft C"]
[Site "Ditzingen"]
[Date "2015.05.15"]
[Round "4.13"]
[White "Hauger, Albrecht"]
[Black "Eid, Sami"]
[Result "0-1"]
[WhiteElo "1452"]
[BlackElo "920"]
[PlyCount "30"]
[EventDate "2015.??.??"]
[WhiteTeam "SC Magstadt"]
[BlackTeam "SF Freiberg"]

1. d4 d5 2. e3 Nf6 3. c4 e6 4. a3 Nc6 5. Nc3 g6 6. Nf3 Bg7 7. Bd3 Qe7 8. Qe2
Bd7 9. e4 dxe4 10. Nxe4 Nxe4 11. Qxe4 e5 12. dxe5 Bf5 13. Qe2 Bxd3 14. Qxd3
Nxe5 15. O-O Nxd3 0-1

[Event "Stuttgarter Stadtmeisterschaft C"]
[Site "Ditzingen"]
[Date "2015.05.15"]
[Round "4.15"]
[White "Kiroglu, Cihan"]
[Black "Reichmann, Bernd"]
[Result "1-0"]
[WhiteElo "941"]
[BlackElo "1140"]
[PlyCount "43"]
[EventDate "2015.??.??"]
[WhiteTeam "SG Schramberg-Lauterbach"]
[BlackTeam "SV Fellbach"]

1. e4 e5 2. Nf3 Nc6 3. g3 Bc5 4. Bg2 h6 5. c3 a6 6. b4 Ba7 7. O-O d6 8. d4 exd4
9. Nxd4 Nxd4 10. cxd4 Nf6 11. Nc3 O-O 12. h3 c6 13. a3 Be6 14. d5 cxd5 15. exd5
Bd7 16. Qd2 Qc8 17. Kh2 Re8 18. Bb2 Kh8 19. Rac1 Qd8 20. Rce1 Qc7 21. Ne4 Nxe4
22. Qxh6+ 1-0

[Event "Stuttgarter Stadtmeisterschaft C"]
[Site "Ditzingen"]
[Date "2015.05.15"]
[Round "4.16"]
[White "Depping, Erwin"]
[Black "Jünk, Ellen"]
[Result "0-1"]
[WhiteElo "796"]
[BlackElo "1121"]
[PlyCount "124"]
[EventDate "2015.??.??"]
[WhiteTeam "SG SchwÃ¤bisch GmÃ¼nd"]
[BlackTeam "SC Leinzell"]

1. e4 e5 2. Nf3 Nc6 3. Bb5 d6 4. d4 Bd7 5. Nc3 a6 6. Bxc6 Bxc6 7. d5 Bd7 8. O-O
Nf6 9. Qd2 Be7 10. b3 Bg4 11. Qe3 c6 12. h3 Bh5 13. g4 Bg6 14. Bd2 cxd5 15.
Nxd5 Nxd5 16. exd5 Bxc2 17. Rfc1 Bg6 18. Rc4 Rc8 19. Ba5 Qd7 20. Rxc8+ Qxc8 21.
Rc1 Qd7 22. Qb6 O-O 23. Rc7 Qd8 24. Qxb7 Bf6 25. Qxa6 Be4 26. Rc3 Qa8 27. Qxa8
Rxa8 28. g5 Be7 29. a4 Bxd5 30. Nd2 Bxg5 31. Rg3 Bf4 32. Rd3 Rxa5 33. b4 e4 34.
Rd4 Rxa4 35. Rxd5 Bxd2 36. Rxd2 Rxb4 37. Rxd6 g6 38. Kg2 Rb2 39. Rd8+ Kg7 40.
Re8 f5 41. Re5 Re2 42. Kf1 Rc2 43. Kg2 Kf6 44. Re8 Kg5 45. Re5 Kf4 46. Re8 Kg5
47. Re5 Kf4 48. Re8 h5 49. Re7 g5 50. Re8 g4 51. hxg4 hxg4 52. Kf1 Kf3 53. Ke1
Rxf2 54. Kd1 g3 55. Rg8 e3 56. Rg7 e2+ 57. Kd2 e1=Q+ 58. Kxe1 g2 59. Rg8 Ke3
60. Kd1 Rf1+ 61. Kc2 g1=Q 62. Rxg1 Rxg1 0-1

[Event "Stuttgarter Stadtmeisterschaft C"]
[Site "Ditzingen"]
[Date "2015.05.15"]
[Round "4.17"]
[White "Kappler, Roswitha"]
[Black "Friedl, Bastian"]
[Result "0-1"]
[WhiteElo "759"]
[BlackElo "1055"]
[PlyCount "30"]
[EventDate "2015.??.??"]
[WhiteTeam "SG Fasanenhof"]
[BlackTeam "SF Freiberg"]

1. e4 e5 2. Nf3 Nc6 3. c3 d5 4. Bd3 Nf6 5. O-O dxe4 6. Bb5 exf3 7. Qxf3 Bd7 8.
Qe2 a6 9. Bd3 Bd6 10. Na3 Bxa3 11. bxa3 Nd5 12. Bc2 Qg5 13. Be4 Nf4 14. Qe1 Bh3
15. f3 Qxg2# 0-1

[Event "Stuttgarter Stadtmeisterschaft C"]
[Site "Ditzingen"]
[Date "2015.05.15"]
[Round "4.18"]
[White "Sloboda, Robert"]
[Black "Dimitrov, Leon"]
[Result "1-0"]
[WhiteElo "1032"]
[BlackElo "804"]
[PlyCount "65"]
[EventDate "2015.??.??"]
[WhiteTeam "SF Illingen"]
[BlackTeam "SF Freiberg"]

1. e4 e5 2. Nf3 Nc6 3. Nc3 Bc5 4. Bc4 Nf6 5. h3 O-O 6. O-O d6 7. a3 Na5 8. Bd3
Be6 9. b4 Bb6 10. bxa5 Bxa5 11. Bb2 Qd7 12. Qe2 Bxc3 13. Bxc3 Qa4 14. Bb4 c5
15. Bb5 Qxc2 16. Bc3 a6 17. Rfc1 Qb3 18. Bd3 b5 19. Bc2 Qc4 20. Qxc4 Bxc4 21.
d3 Be6 22. Ng5 a5 23. Nxe6 fxe6 24. f3 b4 25. axb4 axb4 26. Rxa8 Rxa8 27. Bb2
Ra2 28. Rb1 Nd7 29. Bb3 Ra6 30. Bxe6+ Kh8 31. Bxd7 Ra7 32. Be6 Ra2 33. Bxa2 1-0

[Event "Stuttgarter Stadtmeisterschaft C"]
[Site "Ditzingen"]
[Date "2015.05.15"]
[Round "4.22"]
[White "Richter, Michael"]
[Black "Kloos, Robin"]
[Result "1/2-1/2"]
[WhiteElo "983"]
[BlackElo "986"]
[PlyCount "66"]
[EventDate "2015.??.??"]
[WhiteTeam "TSV/RSK Esslingen"]
[BlackTeam "Schach-Kids Bernhausen"]

1. d4 d5 2. c4 dxc4 3. e4 e5 4. dxe5 Qxd1+ 5. Kxd1 Nc6 6. Nf3 Bg4 7. Bxc4 Nd4
8. Be2 Bxf3 9. Bxf3 Nxf3 10. gxf3 O-O-O+ 11. Ke2 f6 12. Bf4 Re8 13. exf6 Nxf6
14. Nd2 Bc5 15. Rac1 Bb6 16. Rhg1 Rhg8 17. Bg5 h6 18. Bf4 g5 19. Bg3 Nh5 20.
Nc4 Nxg3+ 21. fxg3 Bxg1 22. Rxg1 g4 23. Ne3 gxf3+ 24. Kxf3 Rgf8+ 25. Nf5 Rd8
26. h4 Rg8 27. Nxh6 Rdf8+ 28. Ke3 Rg6 29. Nf5 Re8 30. g4 Rge6 31. Ng3 Rg8 32.
Nf5 Kd7 33. Kf4 a5 1/2-1/2

[Event "Stuttgarter Stadtmeisterschaft C"]
[Site "Ditzingen"]
[Date "2015.05.15"]
[Round "4.23"]
[White "Günther, Niclas"]
[Black "Herbst, Karin"]
[Result "1-0"]
[WhiteElo "996"]
[BlackElo "1350"]
[PlyCount "127"]
[EventDate "2015.??.??"]
[WhiteTeam "SF Freiberg"]
[BlackTeam "SG Fasanenhof"]

1. e4 c6 2. d4 d5 3. e5 Bf5 4. Nf3 e6 5. Bd3 Bxd3 6. Qxd3 Ne7 7. O-O Ng6 8. Bg5
Be7 9. Bxe7 Qxe7 10. Qb3 O-O 11. c4 dxc4 12. Qxc4 Nd7 13. Nc3 Rac8 14. Rae1 Nb6
15. Qc5 Qd7 16. a4 Nf4 17. g3 Nd3 18. Qd6 Nxe1 19. Rxe1 Rfd8 20. Ne4 Rc7 21. b3
h6 22. Rd1 Nd5 23. Rc1 Ne7 24. Rd1 Nf5 25. Qc5 b6 26. Qc2 Qd5 27. g4 Ne7 28.
Kg2 Ng6 29. Kg3 Rdd7 30. Nc3 Qa5 31. h4 Qb4 32. h5 Ne7 33. Na2 Qa5 34. g5 Nf5+
35. Kh3 Qd5 36. Qd3 c5 37. Nc3 Qc6 38. Nb5 Rc8 39. gxh6 gxh6 40. Rg1+ Kf8 41.
Nh4 Rxd4 42. Nxd4 cxd4 43. Nxf5 exf5 44. Qxf5 Qe6 45. Qxe6 fxe6 46. Rg6 Rc3+
47. Kg4 d3 48. Rxe6 Rc2 49. f4 Kf7 50. Rxh6 d2 51. Rd6 Ke7 52. h6 Kf7 53. Kg5
Rb2 54. Rd3 a6 55. h7 d1=Q 56. Rxd1 Rh2 57. Rd7+ Ke8 58. e6 Rg2+ 59. Kh4 Rh2+
60. Kg3 Rh6 61. f5 Rh5 62. f6 Rh6 63. Kg4 Kf8 64. e7+ 1-0

[Event "Stuttgarter Stadtmeisterschaft C"]
[Site "Ditzingen"]
[Date "2015.05.16"]
[Round "5.1"]
[White "Jüttner, Dennis"]
[Black "Dietrich, Malte"]
[Result "1-0"]
[WhiteElo "1256"]
[BlackElo "1165"]
[PlyCount "65"]
[EventDate "2015.??.??"]
[WhiteTeam "SpVgg Rommelshausen"]
[BlackTeam "Rochade Metzingen"]

1. e4 c5 2. d3 Nc6 3. Nc3 g6 4. Nf3 Bg7 5. Be3 d6 6. d4 cxd4 7. Nxd4 Nxd4 8.
Bxd4 Bxd4 9. Qxd4 e5 10. Qd5 Nf6 11. Bb5+ Ke7 12. Qb3 Qa5 13. O-O Be6 14. Nd5+
Nxd5 15. exd5 Bf5 16. Bd3 b6 17. Qc4 Rac8 18. Qh4+ f6 19. Bxf5 gxf5 20. c4 b5
21. Qh6 Rcg8 22. cxb5 Qxb5 23. Rfd1 Rg5 24. Rac1 Qb7 25. Rc6 Rhg8 26. g3 R8g6
27. Qh4 Rg4 28. Qxh7+ Rg7 29. Qxf5 Qd7 30. Qc2 Rd4 31. Rxd4 exd4 32. Rc7 d3 33.
Rxd7+ 1-0

[Event "Stuttgarter Stadtmeisterschaft C"]
[Site "Ditzingen"]
[Date "2015.05.16"]
[Round "5.2"]
[White "Jelisavac, Nenad"]
[Black "Reuß, Tobias"]
[Result "0-1"]
[WhiteElo "1336"]
[BlackElo "1468"]
[PlyCount "90"]
[EventDate "2015.??.??"]
[WhiteTeam "Matt Inn"]
[BlackTeam "SV Besigheim"]

1. e4 e5 2. Nf3 Nf6 3. d4 exd4 4. e5 Qe7 5. Qxd4 Nc6 6. Qe3 Ng4 7. Qe4 Ncxe5 8.
Nxe5 Qxe5 9. Qxe5+ Nxe5 10. Bf4 Bd6 11. Bb5 c6 12. Ba4 b5 13. Bb3 Nf3+ 14. gxf3
Bxf4 15. Nc3 O-O 16. O-O Re8 17. Rfe1 Bb7 18. Re4 Bd2 19. Rxe8+ Rxe8 20. Ne4
Bh6 21. Nd6 Rb8 22. Bxf7+ Kf8 23. Re1 Bf4 24. Nxb7 Rxb7 25. Bb3 Rb8 26. Re4 Bc1
27. Kf1 Bxb2 28. Rf4+ Bf6 29. Re4 a5 30. a4 Re8 31. Rf4 Re5 32. Kg2 Ke7 33. h4
h6 34. Kh3 b4 35. Rc4 Kd6 36. Rd4+ Kc7 37. Kg3 c5 38. Re4 Kd6 39. Rc4 Kc6 40.
Re4 d5 41. Rxe5 Bxe5+ 42. f4 Bf6 43. h5 c4 44. Ba2 Kc5 45. Kf3 Bd4 0-1

[Event "Stuttgarter Stadtmeisterschaft C"]
[Site "Ditzingen"]
[Date "2015.05.16"]
[Round "5.3"]
[White "Afonso, Nils"]
[Black "Pranjic, Daniel"]
[Result "0-1"]
[WhiteElo "1437"]
[BlackElo "1273"]
[PlyCount "64"]
[EventDate "2015.??.??"]
[WhiteTeam "SF Kornwestheim"]
[BlackTeam "SG Ludwigsburg"]

1. d4 Nf6 2. c4 g6 3. Nc3 Bg7 4. e4 d6 5. Nf3 O-O 6. Bg5 h6 7. Be3 e5 8. d5 a5
9. h3 Na6 10. Qc1 Kh7 11. Be2 Nc5 12. Bxc5 dxc5 13. Nxe5 Nxe4 14. Nxe4 Bxe5 15.
Nxc5 Qf6 16. Nd3 Bd4 17. O-O Re8 18. Qc2 c5 19. Rab1 Bd7 20. b3 Re7 21. Bf3
Bxh3 22. gxh3 Qxf3 23. Kh2 Re2 24. Qd1 Rae8 25. Kg1 Qg3+ 26. Kh1 Qxh3+ 27. Kg1
R8e4 28. Qxe2 Rxe2 29. Nf4 Qg3+ 30. Ng2 Bxf2+ 31. Rxf2 Qxf2+ 32. Kh1 Qxg2# 0-1

[Event "Stuttgarter Stadtmeisterschaft C"]
[Site "Ditzingen"]
[Date "2015.05.16"]
[Round "5.4"]
[White "Kermer, Jan"]
[Black "Winterkorn, Nikolaus"]
[Result "1/2-1/2"]
[WhiteElo "1321"]
[BlackElo "1414"]
[PlyCount "75"]
[EventDate "2015.??.??"]
[WhiteTeam "SV Dettingen Erms"]
[BlackTeam "DJK Sportbund Stgt."]

1. b3 e5 2. Bb2 d6 3. e3 Nf6 4. c4 Nc6 5. Ne2 Bf5 6. d4 Qd7 7. Qd2 Be7 8. d5
Nd8 9. Ng3 Bg6 10. Bd3 Bxd3 11. Qxd3 c6 12. Nc3 cxd5 13. Nxd5 Ne6 14. Nxe7 Qxe7
15. O-O Nc5 16. Qd2 Qe6 17. Rad1 Rd8 18. Ba3 b6 19. Bxc5 bxc5 20. e4 O-O 21.
Rfe1 Rd7 22. Nf5 Nxe4 23. Nxg7 Qg6 24. Rxe4 Qxe4 25. Nh5 Qg6 26. Qe2 f5 27. Rd3
f4 28. g3 f3 29. Rxf3 Rdf7 30. Rxf7 Rxf7 31. g4 Qe6 32. Qe4 Rf8 33. g5 Kh8 34.
Nf6 Qf7 35. h4 Qg6 36. Qxg6 hxg6 37. Kg2 Kg7 38. Kf3 1/2-1/2

[Event "Stuttgarter Stadtmeisterschaft C"]
[Site "Ditzingen"]
[Date "2015.05.16"]
[Round "5.5"]
[White "Thomas, Leonhard"]
[Black "Günther, Niclas"]
[Result "0-1"]
[WhiteElo "1404"]
[BlackElo "996"]
[PlyCount "80"]
[EventDate "2015.??.??"]
[WhiteTeam "SV Fellbach"]
[BlackTeam "SF Freiberg"]

1. e4 e5 2. Nf3 Nc6 3. Nc3 Nf6 4. Bb5 d6 5. d3 Bd7 6. Bxc6 Bxc6 7. Bg5 Be7 8.
Bxf6 Bxf6 9. O-O O-O 10. Ne2 d5 11. Ng3 g6 12. exd5 Bxd5 13. Ne4 Bg7 14. Re1
Re8 15. h3 b6 16. Nc3 Bc6 17. Rb1 b5 18. Ne4 f5 19. Ng3 e4 20. dxe4 fxe4 21.
Qxd8 Raxd8 22. Nh2 Rd2 23. c3 e3 24. Re2 a5 25. fxe3 Rxe2 26. Nxe2 Rxe3 27. Kf2
Rd3 28. Nf1 b4 29. cxb4 axb4 30. Rc1 Rd6 31. Rc2 Bf8 32. Ne3 Rf6+ 33. Kg1 Bb5
34. Nd5 Bd3 35. Nxf6+ Kf7 36. Rxc7+ Kxf6 37. Nc1 Be4 38. Rxh7 Bc5+ 39. Kh1 Kg5
40. Re7 Bxe7 0-1

[Event "Stuttgarter Stadtmeisterschaft C"]
[Site "Ditzingen"]
[Date "2015.05.16"]
[Round "5.6"]
[White "Barna, Janos"]
[Black "Kobald, Jacqueline"]
[Result "0-1"]
[WhiteElo "1280"]
[BlackElo "1372"]
[PlyCount "104"]
[EventDate "2015.??.??"]
[WhiteTeam "SC Leinfelden"]
[BlackTeam "SV Stuttgart-Wolfbusch"]

1. e4 c5 2. Nf3 g6 3. c3 Bg7 4. Bc4 Nc6 5. d3 d6 6. Be3 Nf6 7. h3 O-O 8. O-O
Bd7 9. Re1 a6 10. Qd2 b5 11. Bb3 a5 12. Bh6 a4 13. Bd5 e6 14. Bxc6 Bxc6 15. a3
Rb8 16. Bg5 Qb6 17. Qe3 b4 18. e5 Nd5 19. Qd2 dxe5 20. Bh6 f6 21. c4 Ne7 22.
Be3 Qa5 23. Nh2 Nf5 24. f4 Nxe3 25. Qxe3 e4 26. Rd1 f5 27. Qe2 Rfd8 28. Nf1 b3
29. Kh1 Rd7 30. Ne3 Rbd8 31. dxe4 Rxd1+ 32. Nxd1 Bxe4 33. Nbc3 Qa8 34. Rc1 Qc6
35. Kh2 Bc2 36. Ne3 Be4 37. Ned1 Bh6 38. g3 Rd4 39. Nb5 Rd7 40. Ndc3 Bd3 41.
Qe1 Bxc4 42. h4 Bxb5 43. Qe3 Bg7 44. Nd1 Qd5 45. Nc3 Bxc3 46. Qxc3 Qd2+ 47. Kh3
Qxc3 48. bxc3 Kf7 49. Rb1 Rd2 50. g4 b2 51. gxf5 gxf5 52. h5 Bd3 0-1

[Event "Stuttgarter Stadtmeisterschaft C"]
[Site "Ditzingen"]
[Date "2015.05.16"]
[Round "5.8"]
[White "Meißner, Mogens"]
[Black "Richter, Gerrit"]
[Result "1-0"]
[WhiteElo "1313"]
[BlackElo "1104"]
[PlyCount "135"]
[EventDate "2015.??.??"]
[WhiteTeam "SK Bietigheim-Bissingen"]
[BlackTeam "TSV/RSK Esslingen"]

1. e4 c6 2. d3 d5 3. Nd2 e5 4. Ngf3 Bg4 5. g3 Nd7 6. Bg2 d4 7. O-O Ngf6 8. h3
Bh5 9. c3 c5 10. c4 a6 11. b3 Be7 12. Re1 O-O 13. Nf1 Re8 14. N1h2 b5 15. Rb1
b4 16. Kh1 a5 17. g4 Bg6 18. Nh4 Nf8 19. Rf1 h6 20. f4 Bd6 21. f5 Bh7 22. Bf3
Nxe4 23. Bxe4 Qxh4 24. Bxa8 Rxa8 25. Qf3 Re8 26. Bd2 g6 27. Rg1 Kh8 28. Rbf1
Qe7 29. Bxh6 g5 30. f6 Qc7 31. Qe2 e4 32. Rd1 Bf4 33. Rgf1 Nd7 34. Bg7+ Kg8 35.
Nf3 Re6 36. Nd2 Qc6 37. h4 exd3+ 38. Qg2 Bxd2 39. Qxc6 Rxc6 40. Rxd2 gxh4 41.
Rh2 Be4+ 42. Kg1 Kh7 43. Rxh4+ Kg6 44. g5 Bf5 45. Rhf4 Kxg5 46. Rxf5+ Kg6 47.
R5f3 Ne5 48. Rg3+ Kh5 49. Rf5+ Kh4 50. Rg2 Ng4 51. Rf4 Kh3 52. Rf3+ Kh4 53.
Rxd3 Re6 54. Rd1 Ne3 55. Rh2+ Kg3 56. Rd3 Kf4 57. Rh4+ Kg5 58. Rh6 Ng4 59. Rhh3
Re2 60. Rhg3 Rxa2 61. Bf8 a4 62. bxa4 Rxa4 63. Bxc5 b3 64. Rxb3 Rxc4 65. Be7
Rc3 66. Rbxc3 dxc3 67. Rxc3 Nxf6 68. Rc6 1-0

[Event "Stuttgarter Stadtmeisterschaft C"]
[Site "Ditzingen"]
[Date "2015.05.16"]
[Round "5.9"]
[White "Überreiter, Daniel"]
[Black "Stecher, Oliver"]
[Result "0-1"]
[WhiteElo "1459"]
[BlackElo "1153"]
[PlyCount "70"]
[EventDate "2015.??.??"]
[WhiteTeam "SC WeiÃŸe Dame Ulm"]
[BlackTeam "SSV Zuffenhausen"]

1. e4 e5 2. Nf3 Nc6 3. Bc4 Bc5 4. d3 Nf6 5. Nc3 d6 6. Bg5 Bb4 7. O-O Bxc3 8.
bxc3 h6 9. Be3 Bg4 10. Rb1 Na5 11. Bb3 Nxb3 12. Rxb3 b6 13. h3 Be6 14. c4 Qd7
15. Rb2 g5 16. Nd2 g4 17. h4 O-O-O 18. g3 Nh5 19. c3 f5 20. exf5 Bxf5 21. d4
Qg7 22. Qa4 Kb7 23. d5 Bd7 24. Qa5 Qe7 25. Rfb1 Ka8 26. Rxb6 cxb6 27. Bxb6 Bf5
28. Bxd8 Qxd8 29. Qxd8+ Rxd8 30. Rb5 Rb8 31. Rb3 Bc2 32. Rxb8+ Kxb8 33. Nb3
Bxb3 34. axb3 Nf6 35. Kf1 Ne4 0-1